<?xml version="1.0" encoding="UTF-8"?>
<record
    xmlns:xsi="http://www.w3.org/2001/XMLSchema-instance"
    xsi:schemaLocation="http://www.loc.gov/MARC21/slim http://www.loc.gov/standards/marcxml/schema/MARC21slim.xsd"
    xmlns="http://www.loc.gov/MARC21/slim">

  <leader>01114cam a22002891  4500</leader>
  <controlfield tag="001">gs 47000326 </controlfield>
  <controlfield tag="003">DLC</controlfield>
  <controlfield tag="005">20260227111353.0</controlfield>
  <controlfield tag="008">891026s1946    sw ab    b    000 0 swe c</controlfield>
  <datafield tag="010" ind1=" " ind2=" ">
    <subfield code="a">gs 47000326 </subfield>
  </datafield>
  <datafield tag="035" ind1=" " ind2=" ">
    <subfield code="a">(OCoLC)20553429</subfield>
  </datafield>
  <datafield tag="040" ind1=" " ind2=" ">
    <subfield code="a">U.S. Geol. Survey. Library</subfield>
    <subfield code="c">CU</subfield>
    <subfield code="d">CU</subfield>
    <subfield code="d">DLC</subfield>
  </datafield>
  <datafield tag="042" ind1=" " ind2=" ">
    <subfield code="a">premarc</subfield>
  </datafield>
  <datafield tag="050" ind1="0" ind2="0">
    <subfield code="a">QE282</subfield>
    <subfield code="b">.A3 ser. C, no. 481</subfield>
  </datafield>
  <datafield tag="082" ind1=" " ind2=" ">
    <subfield code="a">554.85 s</subfield>
  </datafield>
  <datafield tag="100" ind1="1" ind2=" ">
    <subfield code="a">Munthe, Henrik,</subfield>
    <subfield code="d">1860-1958.</subfield>
  </datafield>
  <datafield tag="245" ind1="0" ind2="0">
    <subfield code="a">Nya bidrag till kannedomen om H&#xE4;rn&#xF6;gyttjan,</subfield>
    <subfield code="c">av Henr. Munthe ...</subfield>
  </datafield>
  <datafield tag="260" ind1=" " ind2=" ">
    <subfield code="a">Stockholm,</subfield>
    <subfield code="b">Kungl. boktryckeriet, P.A. Norstedt &amp; s&#xF6;ner,</subfield>
    <subfield code="c">1946.</subfield>
  </datafield>
  <datafield tag="300" ind1=" " ind2=" ">
    <subfield code="a">16 p. incl. illus., tables.</subfield>
    <subfield code="c">24 cm.</subfield>
  </datafield>
  <datafield tag="490" ind1="1" ind2=" ">
    <subfield code="a">Sweden. Geologiska unders&#xF6;kningen. Ser. C. Avhandlingar och uppsatser.</subfield>
    <subfield code="v">n:o 481. &#xC5;rsbok 40 (1946) n:o 5</subfield>
  </datafield>
  <datafield tag="500" ind1=" " ind2=" ">
    <subfield code="a">At head of title: Sveriges geologiske unders&#xF6;kning ...</subfield>
  </datafield>
  <datafield tag="504" ind1=" " ind2=" ">
    <subfield code="a">"Anf&#xF6;rd litteratur": p. 16.</subfield>
  </datafield>
  <datafield tag="650" ind1=" " ind2="0">
    <subfield code="a">Paleontology</subfield>
    <subfield code="y">Quaternary.</subfield>
  </datafield>
  <datafield tag="650" ind1=" " ind2="0">
    <subfield code="a">Paleontology</subfield>
    <subfield code="z">Sweden</subfield>
    <subfield code="z">Norrland.</subfield>
  </datafield>
  <datafield tag="830" ind1=" " ind2="0">
    <subfield code="a">Ser. C--Avhandlingar och uppsatser ;</subfield>
    <subfield code="v">n:o 481.</subfield>
  </datafield>
  <datafield tag="830" ind1=" " ind2="0">
    <subfield code="a">&#xC5;rsbok (Sveriges geologiska unders&#xF6;kning) ;</subfield>
    <subfield code="v">40 : n:o 5.</subfield>
  </datafield>
  <datafield tag="999" ind1=" " ind2=" ">
    <subfield code="c">28212</subfield>
    <subfield code="d">28212</subfield>
  </datafield>
</record>
